Almanach Financier 1913: Guide des Rentiers et Capitalistes. (Record no. 5621)

MARC details
000 -CABECERA
campo de control de longitud fija 00692nam a2200229 a 4500
001 - NÚMERO DE CONTROL
campo de control BRCA_5932
005 - FECHA Y HORA DE LA ÚLTIMA TRANSACCIÓN
campo de control 20190320205252.0
008 - DATOS DE LONGITUD FIJA--INFORMACIÓN GENERAL
campo de control de longitud fija 220311d1913----fr-#######---#000-0#fre-#
041 ## - CÓDIGO DE LENGUA
Código de lengua del texto/banda sonora o título independiente fre
044 ## - CÓDIGO DEL PAÍS DE LA ENTIDAD EDITORA/PRODUCTORA
Código MARC del país fr
050 #4 - SIGNATURA TOPOGRÁFICA DE LA BIBLIOTECA DEL CONGRESO
Número de clasificación HG61
Número de documento/Ítem .A5
-- 1913
245 10 - MENCIÓN DE TÍTULO
Título Almanach Financier 1913: Guide des Rentiers et Capitalistes.
Mención de responsabilidad, etc. Journal Financier.
260 ## - PUBLICACIÓN, DISTRIBUCIÓN, ETC.
Lugar de publicación, distribución, etc. París
Nombre del editor, distribuidor, etc. Journal Financier
Fecha de publicación, distribución, etc. 1913
300 ## - DESCRIPCIÓN FÍSICA
Extensión 992 p.
Otras características físicas ils.; estadísticas
Dimensiones 15 cm.
500 ## - NOTA GENERAL
Nota general Almanaque inventariado como libro por el Banco de México.
500 ## - NOTA GENERAL
Nota general Veáse también H155
500 ## - NOTA GENERAL
Nota general H163
650 14 - PUNTO DE ACCESO ADICIONAL DE MATERIA--TÉRMINO DE MATERIA
Término de materia o nombre geográfico como elemento de entrada Finanzas
Subdivisión general Anuarios
Subdivisión geográfica Francia
9 (RLIN) 14983
650 14 - PUNTO DE ACCESO ADICIONAL DE MATERIA--TÉRMINO DE MATERIA
Término de materia o nombre geográfico como elemento de entrada Bolsa de valores
9 (RLIN) 14984
902 ## - CATALOGADOR
Iniciales GFM
942 ## - ELEMENTOS DE PUNTO DE ACCESO ADICIONAL (KOHA)
Fuente del sistema de clasificación o colocación Library of Congress Classification
Tipo de ítem Koha Libros
Holdings
Estado de retiro Estado de pérdida Estado dañado No para préstamo Localización permanente Ubicación/localización actual Fecha de adquisición Número de inventario Total de préstamos Signatura topográfica completa Código de barras Fecha visto por última vez Precio válido a partir de Tipo de ítem Koha
El ejemplar forma parte de la colección y puede ser consultado según las políticas vigentes.       Biblioteca del Museo Franz Mayer (Rogerio Casas-Alatriste) Biblioteca del Museo Franz Mayer (Rogerio Casas-Alatriste) 22/03/2011 H163   HG61 .A5 1913 (H163) 6371 22/03/2019 22/03/2019 Libros